Problems of women's education / (Record no. 136080)

MARC details
000 -LEADER
fixed length control field 00681nam a22002297a 4500
005 - DATE AND TIME OF LATEST TRANSACTION
control field 20170124110254.0
010 ## - LIBRARY OF CONGRESS CONTROL NUMBER
LC control number B-216342
020 ## - INTERNATIONAL STANDARD BOOK NUMBER
Terms of availability 595.00
International Standard Book Number 8189557084
035 ## - SYSTEM CONTROL NUMBER
System control number B-216342
037 ## - SOURCE OF ACQUISITION
Source of stock number/acquisition Cen Lib/Ret
040 ## - CATALOGING SOURCE
Original cataloging agency DPL
Language of cataloging EN
082 ## - DEWEY DECIMAL CLASSIFICATION NUMBER
Classification number 376.076
Item number BHA
100 ## - MAIN ENTRY--PERSONAL NAME
Personal name Bhandari, Sarita
9 (RLIN) 101597
245 ## - TITLE STATEMENT
Title Problems of women's education /
Statement of responsibility, etc by Sarita Bhandari
246 ## - VARYING FORM OF TITLE
Remainder of title
260 ## - PUBLICATION, DISTRIBUTION, ETC. (IMPRINT)
Name of publisher, distributor, etc New Delhi
Place of publication, distribution, etc Arise Publishers
Date of publication, distribution, etc 2005
270 ## - ADDRESS
Address 4648/1, 21 ansari Raod Darya Ganj
City New Delhi
Postal code 110002
300 ## - PHYSICAL DESCRIPTION
Extent 256p.
Dimensions 21m(Hb)
650 ## - SUBJECT ADDED ENTRY--TOPICAL TERM
Topical term or geographic name as entry element Education -- Women.
9 (RLIN) 101598
650 ## - SUBJECT ADDED ENTRY--TOPICAL TERM
Topical term or geographic name as entry element Women -- Education.
9 (RLIN) 8597
942 ## - ADDED ENTRY ELEMENTS (KOHA)
Source of classification or shelving scheme Dewey Decimal Classification
Koha item type English Books
Classification part 376.076
Call number suffix BHA
Holdings
Withdrawn status Lost status Damaged status Not for loan Home library Current library Date acquired Source of acquisition Cost, normal purchase price Total Checkouts Full call number Barcode Date last seen Copy number Cost, replacement price Price effective from Koha item type Source of classification or shelving scheme Collection code
        Central Library Central Library 13/10/2015 Cen Lib/Ret 595.00   376.076 BHA B-216342 13/10/2015 1 595.00 13/10/2015 English Books    
        Sarojini Nagar Sarojini Nagar 11/02/2019       376.076 BHA B-216343 11/02/2019     11/02/2019 English Books Dewey Decimal Classification Non-fiction

© Delhi Public Library
Hit Counter
free hit counter